logo

Mastering the Art of Management (Record no. 2033)

000 -LEADER
fixed length control field 00688nam a22002177a 4500
003 - CONTROL NUMBER IDENTIFIER
control field SLTCLib
008 - FIXED-LENGTH DATA ELEMENTS--GENERAL INFORMATION
fixed length control field 260612b ce ||||| |||| 00| 0 eng d
020 ## - INTERNATIONAL STANDARD BOOK NUMBER
International Standard Book Number 979-8378810956
041 ## - LANGUAGE CODE
Language code of text/sound track or separate title English Language
080 ## - UNIVERSAL DECIMAL CLASSIFICATION NUMBER
Universal Decimal Classification number 658.4
Item number VAL
100 ## - MAIN ENTRY--PERSONAL NAME
Personal name Valme, Samuel
9 (RLIN) 3593
245 ## - TITLE STATEMENT
Title Mastering the Art of Management
Remainder of title A Step-by-Step Guide to Buliding Leadership Skills and Achieving Success as a Manager
260 ## - PUBLICATION, DISTRIBUTION, ETC. (IMPRINT)
Name of publisher, distributor, etc Author Publication
Date of publication, distribution, etc 2023
300 ## - PHYSICAL DESCRIPTION
Extent 156p.
650 #0 - SUBJECT ADDED ENTRY--TOPICAL TERM
9 (RLIN) 3090
Topical term or geographic name as entry element Human Resources Management
650 #0 - SUBJECT ADDED ENTRY--TOPICAL TERM
9 (RLIN) 2387
Topical term or geographic name as entry element Personal Management
650 #0 - SUBJECT ADDED ENTRY--TOPICAL TERM
9 (RLIN) 59
Topical term or geographic name as entry element Leadership
650 #0 - SUBJECT ADDED ENTRY--TOPICAL TERM
9 (RLIN) 132
Topical term or geographic name as entry element Decision Making
942 ## - ADDED ENTRY ELEMENTS (KOHA)
Source of classification or shelving scheme
Koha item type Reference Materials
945 ## - LOCAL PROCESSING INFORMATION (OCLC)
a 3725
b Ishara wickramage
c 4470
d Rashmi WASANA
Holdings
Withdrawn status Lost status Source of classification or shelving scheme Damaged status Not for loan Permanent Location Current Location Shelving location Date acquired Source of acquisition Cost, normal purchase price Full call number Barcode Date last seen Price effective from Koha item type Total Checkouts Checked out Date checked out
          Library of SLTC Library of SLTC Reference Section 2026-06-12 Purchased 17001.00 658.4 VAL 003421 2026-06-12 2026-06-12 Reference Materials      
          Library of SLTC Library of SLTC Reference Section 2026-06-12 Purchased 17001.00 658.4 VAL 003422 2026-06-23 2026-06-12 Reference Materials 1 2026-07-01 2026-06-23
Ghostwriter

All Rights Reserved, Library of SLTC
Sri Lanka Technological Campus, Ingiriya Road, Padukka, Sri Lanka - Telephone: +, Fax: + -
Email:library@sltc.edu.lk
Designed & Maintained by Nimal Hettiarachchi
Last Updated: 15-April -2018